000 01951nam a22003257a 4500
999 _c57576
_d57576
003 Ge_BSU
005 20201214124815.0
008 200806s2015 ge ||||| |||| 00| 0 geo d
020 _a9789941182341
041 _ageo
080 _a575(075.8) შ-15
100 _aშათირიშვილი, აივენგო
_99117
245 _aზოგადი გენეტიკა :
_b [სახელმძღვანელო] /
_cაივენგო შათირიშვილი, ნანა დვალიშვილი ; რედაქტორები : რ. სოლომონია, ხ. ცაგარელი.
264 _aთბილისი :
_bილიას სახელმწ. უნ-ტის გამ-ბა,
_c2015.
300 _a332 გვ. :
_bსურ. ;
_c24 სმ.
500 _aეძღვნება გენეტიკოსისა და ევოლუციონისტის პროფესორ იზაბელა ჭუჭულაშვილის ნათელ ხსოვნას.
501 _a საგანთა საძიებელი: გვ. 322-327.
504 _a ბიბლიოგრაფია: გვ. 320-321.
520 _aრეზიუმე ინგლისურ ენაზე.
653 _aგენეტიკა
653 _aმემკვიდრეობითობა
653 _a გენეტიკური ინჟინერია
653 _a ადამიანის გენეტიკა
653 _a ევოლუცია
653 _a ეკოლოგიური გენეტიკა
700 _aდვალიშვილი, ნანა
_eავტორი
_98236
700 _a სოლომონია, რ.
_eრედაქტორი
_99118
700 _aცაგარელი, ხ.
_eრედაქტორი
_99119
942 _2udc
_cBK